Top 10 joueurs le plus dans le top 10 du BO sans l'avoir remporté - Statistiques

Statistiques générales
  • Ce quiz a été pris 108 fois
  • Le résultat moyen est 5 sur 10
Statistiques - réponses
Nombre de top 10 Joueur % Correct
8 Kylian Mbappe
89%
7 Andres Iniesta
85%
5 Xavi
82%
6 Neymar JR
68%
5 Robert Lewandowski
53%
7 Thierry Henry
53%
5 Mohamed Salah
41%
6 Zlatan Ibrahimovic
27%
5 Didier Drogba
16%
6 Raul
13%
Aucun quiz correspondant
Distribution des résultats
% des personnes avec chaque résultat
Percentile par nombre de réponses
Votre historique - résultats
Vous n’avez pas pris ce quiz